Statistics for Countries, US States, Capitals, Elements, 100 Most Common Words: by 1st-2nd-3rd-4th-5th-6th Letter

Click here to take the quiz!

General Stats

  • This quiz has been taken 837 times
  • The average score is 126 of 151

Answer Stats

ANSWER % Correct
I1r:^I|^ICELAND|^IDAHO|^IF|^ILLINOIS|^IN|^INDIA|^INDIANA|^INDIANAPOLIS|^INDIUM|^INDONESIA|^INTO|^IODINE|^IOWA|^IRAN|^IRAQ|^IRELAND|^IRIDIUM|^IRON|^ISLAMABAD|^ISRAEL|^IT|^ITALY|^ITS
98%
A1r:^A|^ABOUT|^ABUDHABI|^ABUJA|^ACCRA|^ACTINIUM|^ADDISABABA|^AFGHANISTAN|^AFTER|^ALABAMA|^ALASKA|^ALBANIA|^ALBANY|^ALGERIA|^ALGIERS|^ALL|^ALSO|^ALUMINIUM|^AMERICIUM|^AMMAN|^AMSTERDAM|^AN|^AND|^ANDORRA|^ANDORRALAVELLA|^ANGOLA|^ANKARA|^ANNAPOLIS|^ANTANANARIVO|^ANTIGUAANDBARBUDA|^ANTIMONY|^ANY|^APIA|^ARGENTINA|^ARGON|^ARIZONA|^ARKANSAS|^ARMENIA|^ARSENIC|^AS|^ASHGABAT|^ASMARA|^ASTANA|^ASTATINE|^ASUNCION|^AT|^ATHENS|^ATLANTA|^AUGUSTA|^AUSTIN|^AUSTRALIA|^AUSTRIA|^AZERBAIJAN
98%
E2r:^BE|^BECAUSE|^BEIJING|^BEIRUT|^BELARUS|^BELGIUM|^BELGRADE|^BELIZE|^BELMOPAN|^BENIN|^BERKELIUM|^BERLIN|^BERN|^BERYLLIUM|^CENTRALAFRICANREPUBLIC|^CERIUM|^CESIUM|^DELAWARE|^DEMOCRATICREPUBLICOFTHECONGO|^DENMARK|^DENVER|^DESMOINES|^FEDERATEDSTATESOFMICRONESIA|^FERMIUM|^GEORGETOWN|^GEORGIA|^GEORGIA|^GERMANIUM|^GERMANY|^GET|^HE|^HELENA|^HELIUM|^HELSINKI|^HER|^JEFFERSONCITY|^JERUSALEM|^KENTUCKY|^KENYA|^LEAD|^LEBANON|^LESOTHO|^ME|^MEITNERIUM|^MENDELEVIUM|^MERCURY|^MEXICO|^MEXICOCITY|^NEBRASKA|^NEODYMIUM|^NEON|^NEPAL|^NEPTUNIUM|^NETHERLANDS|^NEVADA|^NEW|^NEWDELHI|^NEWHAMPSHIRE|^NEWJERSEY|^NEWMEXICO|^NEWYORK|^NEWZEALAND|^PENNSYLVANIA|^PEOPLE|^PERU|^REPUBLICOFTHECONGO|^REYKJAVIK|^SEABORGIUM|^SEE|^SELENIUM|^SENEGAL|^SEOUL|^SERBIA|^SEYCHELLES|^TECHNETIUM|^TEGUCIGALPA|^TEHRAN|^TELLURIUM|^TENNESSEE|^TERBIUM|^TEXAS|^VENEZUELA|^VERMONT|^WE|^WELL|^WELLINGTON|^WESTVIRGINIA|^XENON|^YEAR|^YEMEN|^YEREVAN
97%
N1r:^NAIROBI|^NAMIBIA|^NASHVILLE|^NASSAU|^NAURU|^NAYPYIDAW|^NDJAMENA|^NEBRASKA|^NEODYMIUM|^NEON|^NEPAL|^NEPTUNIUM|^NETHERLANDS|^NEVADA|^NEW|^NEWDELHI|^NEWHAMPSHIRE|^NEWJERSEY|^NEWMEXICO|^NEWYORK|^NEWZEALAND|^NGERULMUD|^NIAMEY|^NICARAGUA|^NICKEL|^NICOSIA|^NIGER|^NIGERIA|^NIOBIUM|^NITROGEN|^NO|^NOBELIUM|^NORTHCAROLINA|^NORTHDAKOTA|^NORTHKOREA|^NORWAY|^NOT|^NOUAKCHOTT|^NOW|^NUKUALOFA
96%
N4r:^ASUNCION|^BERN|^BOSNIAANDHERZEGOVINA|^BRUNEI|^BUENOSAIRES|^CHINA|^CONNECTICUT|^DUBNIUM|^EVEN|^FRANCE|^FRANCIUM|^FRANKFORT|^GHANA|^GRENADA|^GUINEA|^GUINEABISSAU|^HAFNIUM|^IRAN|^IRON|^LUANDA|^MAGNESIUM|^MAINE|^MINNESOTA|^NEON|^OMAN|^PENNSYLVANIA|^PYONGYANG|^RHENIUM|^ROENTGENIUM|^RWANDA|^SAINTGEORGES|^SAINTJOHNS|^SAINTKITTSANDNEVIS|^SAINTLUCIA|^SAINTPAUL|^SAINTVINCENTANDTHEGRENADINES|^SCANDIUM|^TENNESSEE|^THAN|^THEN|^THINK|^TRENTON|^TRINIDADANDTOBAGO|^UGANDA|^URANIUM|^VIENNA|^VIENTIANE|^VILNIUS|^WHEN
96%
A2r:^BACK|^BAGHDAD|^BAHAMAS|^BAHRAIN|^BAKU|^BAMAKO|^BANDARSERIBEGAWAN|^BANGKOK|^BANGLADESH|^BANGUI|^BANJUL|^BARBADOS|^BARIUM|^BASSETERRE|^BATONROUGE|^CADMIUM|^CAIRO|^CALCIUM|^CALIFORNIA|^CALIFORNIUM|^CAMBODIA|^CAMEROON|^CAN|^CANADA|^CANBERRA|^CAPEVERDE|^CARACAS|^CARBON|^CARSONCITY|^CASTRIES|^DAKAR|^DAMASCUS|^DARMSTADTIUM|^DAY|^EASTTIMOR|^GABON|^GABORONE|^GADOLINIUM|^GALLIUM|^GAMBIA|^HAFNIUM|^HAITI|^HANOI|^HARARE|^HARRISBURG|^HARTFORD|^HASSIUM|^HAVANA|^HAVE|^HAWAII|^JACKSON|^JAKARTA|^JAMAICA|^JAPAN|^KABUL|^KAMPALA|^KANSAS|^KATHMANDU|^KAZAKHSTAN|^LAPAZORSUCRE|^LANSING|^LANTHANUM|^LAOS|^LATVIA|^LAWRENCIUM|^MACEDONIA|^MADAGASCAR|^MADISON|^MADRID|^MAGNESIUM|^MAINE|^MAJURO|^MAKE|^MALABO|^MALAWI|^MALAYSIA|^MALDIVES|^MALE|^MALI|^MALTA|^MANAGUA|^MANAMA|^MANGANESE|^MANILA|^MAPUTO|^MARSHALLISLANDS|^MARYLAND|^MASERU|^MASSACHUSETTS|^MAURITANIA|^MAURITIUS|^NAIROBI|^NAMIBIA|^NASHVILLE|^NASSAU|^NAURU|^NAYPYIDAW|^PAKISTAN|^PALAU|^PALIKIR|^PALLADIUM|^PANAMA|^PANAMACITY|^PAPUANEWGUINEA|^PARAGUAY|^PARAMARIBO|^PARIS|^QATAR|^RABAT|^RADIUM|^RADON|^RALEIGH|^SACRAMENTO|^SAINTGEORGES|^SAINTJOHNS|^SAINTKITTSANDNEVIS|^SAINTLUCIA|^SAINTPAUL|^SAINTVINCENTANDTHEGRENADINES|^SALEM|^SALTLAKECITY|^SAMARIUM|^SAMOA|^SANJOSE|^SANMARINO|^SANMARINO|^SANSALVADOR|^SANAA|^SANTAFE|^SANTIAGO|^SANTODOMINGO|^SAOTOME|^SAOTOMEANDPRINCIPE|^SARAJEVO|^SAUDIARABIA|^SAY|^TAIPEI|^TAIWAN|^TAJIKISTAN|^TAKE|^TALLAHASSEE|^TALLINN|^TANTALUM|^TANZANIA|^TASHKENT|^VADUZ|^VALLETTA|^VANADIUM|^VANUATU|^VATICANCITY|^VATICANCITY|^WANT|^WARSAW|^WASHINGTON|^WASHINGTONDC|^WAY|^YAMOUSSOUKRO|^YAOUNDE|^YAREN|^ZAGREB|^ZAMBIA
96%
O2r:^BOGOTA|^BOHRIUM|^BOISE|^BOLIVIA|^BORON|^BOSNIAANDHERZEGOVINA|^BOSTON|^BOTSWANA|^COBALT|^COLOMBIA|^COLORADO|^COLUMBIA|^COLUMBUS|^COME|^COMOROS|^CONAKRY|^CONCORD|^CONNECTICUT|^COPENHAGEN|^COPERNICIUM|^COPPER|^COSTARICA|^COTEDIVOIRE|^COULD|^DO|^DODOMA|^DOHA|^DOMINICA|^DOMINICANREPUBLIC|^DOVER|^FOR|^GO|^GOLD|^GOOD|^HOLMIUM|^HONDURAS|^HONIARA|^HONOLULU|^HOW|^IODINE|^IOWA|^JORDAN|^KOSOVO|^LOME|^LONDON|^LOOK|^LOUISIANA|^MOGADISHU|^MOLDOVA|^MOLYBDENUM|^MONACO|^MONACO|^MONGOLIA|^MONROVIA|^MONTANA|^MONTENEGRO|^MONTEVIDEO|^MONTGOMERY|^MONTPELIER|^MOROCCO|^MORONI|^MOSCOW|^MOST|^MOZAMBIQUE|^NO|^NOBELIUM|^NORTHCAROLINA|^NORTHDAKOTA|^NORTHKOREA|^NORWAY|^NOT|^NOUAKCHOTT|^NOW|^PODGORICA|^POLAND|^POLONIUM|^PORTLOUIS|^PORTMORESBY|^PORTVILA|^PORTAUPRINCE|^PORTOFSPAIN|^PORTONOVOORCOTONOU|^PORTUGAL|^POTASSIUM|^ROENTGENIUM|^ROMANIA|^ROME|^ROSEAU|^SO|^SODIUM|^SOFIA|^SOLOMONISLANDS|^SOMALIA|^SOME|^SOUTHAFRICA|^SOUTHCAROLINA|^SOUTHDAKOTA|^SOUTHKOREA|^SOUTHSUDAN|^SOUTHTARAWA|^TO|^TOGO|^TOKYO|^TONGA|^TOPEKA|^WORK|^WOULD|^YOU|^YOUR
96%
E5r:^ALGIERS|^AMSTERDAM|^BASSETERRE|^BERKELIUM|^BOISE|^BRUNEI|^CANBERRA|^CHEYENNE|^CHILE|^CONNECTICUT|^COPPER|^DENVER|^GUATEMALA|^GUATEMALACITY|^GUINEA|^GUINEABISSAU|^ISRAEL|^JEFFERSONCITY|^LAWRENCIUM|^LIBREVILLE|^MAGNESIUM|^MAINE|^MENDELEVIUM|^MINNESOTA|^MONTENEGRO|^MONTEVIDEO|^NETHERLANDS|^NEWDELHI|^NEWJERSEY|^NEWMEXICO|^NEWZEALAND|^NIAMEY|^NICKEL|^OXYGEN|^PRASEODYMIUM|^PROMETHIUM|^RHODEISLAND|^RUTHENIUM|^RUTHERFORDIUM|^SILVER|^SLOVENIA|^SWEDEN|^TAIPEI|^TENNESSEE|^THERE|^THESE|^TURKEY|^UNITEDARABEMIRATES|^UNITEDKINGDOM|^UNITEDSTATES|^VALLETTA|^ZAGREB
95%
N2r:^AN|^AND|^ANDORRA|^ANDORRALAVELLA|^ANGOLA|^ANKARA|^ANNAPOLIS|^ANTANANARIVO|^ANTIGUAANDBARBUDA|^ANTIMONY|^ANY|^IN|^INDIA|^INDIANA|^INDIANAPOLIS|^INDIUM|^INDONESIA|^INTO|^KNOW|^ON|^ONE|^ONLY|^UNITEDARABEMIRATES|^UNITEDKINGDOM|^UNITEDSTATES
95%
T1r:^TAIPEI|^TAIWAN|^TAJIKISTAN|^TAKE|^TALLAHASSEE|^TALLINN|^TANTALUM|^TANZANIA|^TASHKENT|^TBILISI|^TECHNETIUM|^TEGUCIGALPA|^TEHRAN|^TELLURIUM|^TENNESSEE|^TERBIUM|^TEXAS|^THAILAND|^THALLIUM|^THAN|^THAT|^THE|^THEIR|^THEM|^THEN|^THERE|^THESE|^THEY|^THIMPHU|^THINK|^THIS|^THORIUM|^THULIUM|^TIME|^TIN|^TIRANA|^TITANIUM|^TO|^TOGO|^TOKYO|^TONGA|^TOPEKA|^TRENTON|^TRINIDADANDTOBAGO|^TRIPOLI|^TUNGSTEN|^TUNIS|^TUNISIA|^TURKEY|^TURKMENISTAN|^TUVALU|^TWO
95%
A3r:^ALABAMA|^ALASKA|^BRASILIA|^BRATISLAVA|^BRAZIL|^BRAZZAVILLE|^CHAD|^CHARLESTON|^DHAKA|^FRANCE|^FRANCIUM|^FRANKFORT|^GHANA|^GUATEMALA|^GUATEMALACITY|^IDAHO|^IRAN|^IRAQ|^ITALY|^KHARTOUM|^KUALALUMPUR|^LEAD|^LUANDA|^MBABANE|^NIAMEY|^OMAN|^OUAGADOUGOU|^PLATINUM|^PRAGUE|^PRAIA|^PRASEODYMIUM|^RWANDA|^SCANDIUM|^SEABORGIUM|^SPAIN|^SWAZILAND|^THAILAND|^THALLIUM|^THAN|^THAT|^UGANDA|^ULAANBAATAR|^URANIUM|^UTAH|^WHAT|^YEAR
95%
L3r:^ALL|^ATLANTA|^BELARUS|^BELGIUM|^BELGRADE|^BELIZE|^BELMOPAN|^BOLIVIA|^BULGARIA|^CALCIUM|^CALIFORNIA|^CALIFORNIUM|^CHLORINE|^COLOMBIA|^COLORADO|^COLUMBIA|^COLUMBUS|^DELAWARE|^DILI|^GALLIUM|^GOLD|^HELENA|^HELIUM|^HELSINKI|^HOLMIUM|^ILLINOIS|^ISLAMABAD|^LILONGWE|^MALABO|^MALAWI|^MALAYSIA|^MALDIVES|^MALE|^MALI|^MALTA|^MOLDOVA|^MOLYBDENUM|^OKLAHOMA|^OKLAHOMACITY|^ONLY|^OSLO|^PALAU|^PALIKIR|^PALLADIUM|^POLAND|^POLONIUM|^RALEIGH|^SALEM|^SALTLAKECITY|^SELENIUM|^SILICON|^SILVER|^SOLOMONISLANDS|^SULFUR|^TALLAHASSEE|^TALLINN|^TELLURIUM|^VALLETTA|^VILNIUS|^WELL|^WELLINGTON|^WILL
95%
A4r:^ALBANIA|^ALBANY|^AMMAN|^ANKARA|^ANNAPOLIS|^ANTANANARIVO|^APIA|^ARKANSAS|^ASMARA|^ASTANA|^ASTATINE|^ATLANTA|^BAHAMAS|^BAMAKO|^BECAUSE|^BELARUS|^BUDAPEST|^CANADA|^CARACAS|^COBALT|^CONAKRY|^CROATIA|^CUBA|^DAKAR|^DAMASCUS|^DELAWARE|^DOHA|^ECUADOR|^ELSALVADOR|^EQUATORIALGUINEA|^FUNAFUTI|^GUYANA|^HARARE|^HAVANA|^HAWAII|^IOWA|^ISLAMABAD|^ISRAEL|^JAKARTA|^JAMAICA|^JAPAN|^JUBA|^KAZAKHSTAN|^KIGALI|^KUWAIT|^KUWAITCITY|^LAPAZORSUCRE|^LEBANON|^LIMA|^LUSAKA|^MADAGASCAR|^MALABO|^MALAWI|^MALAYSIA|^MANAGUA|^MANAMA|^MOGADISHU|^MONACO|^MONACO|^MOZAMBIQUE|^NDJAMENA|^NEPAL|^NEVADA|^NICARAGUA|^NOUAKCHOTT|^OKLAHOMA|^OKLAHOMACITY|^OTTAWA|^PALAU|^PANAMA|^PANAMACITY|^PARAGUAY|^PARAMARIBO|^POLAND|^POTASSIUM|^QATAR|^RABAT|^RIGA|^RIYADH|^ROMANIA|^SAMARIUM|^SANAA|^SARAJEVO|^SOMALIA|^SUDAN|^SUVA|^TEXAS|^TIRANA|^TITANIUM|^TUVALU|^UKRAINE|^ULAANBAATAR|^VANADIUM
95%
C1r:^CADMIUM|^CAIRO|^CALCIUM|^CALIFORNIA|^CALIFORNIUM|^CAMBODIA|^CAMEROON|^CAN|^CANADA|^CANBERRA|^CAPEVERDE|^CARACAS|^CARBON|^CARSONCITY|^CASTRIES|^CENTRALAFRICANREPUBLIC|^CERIUM|^CESIUM|^CHAD|^CHARLESTON|^CHEYENNE|^CHISINAU|^CHILE|^CHINA|^CHLORINE|^CHROMIUM|^COBALT|^COLOMBIA|^COLORADO|^COLUMBIA|^COLUMBUS|^COME|^COMOROS|^CONAKRY|^CONCORD|^CONNECTICUT|^COPENHAGEN|^COPERNICIUM|^COPPER|^COSTARICA|^COTEDIVOIRE|^COULD|^CROATIA|^CUBA|^CURIUM|^CYPRUS|^CZECHREPUBLIC
95%
N3r:^ANNAPOLIS|^BANDARSERIBEGAWAN|^BANGKOK|^BANGLADESH|^BANGUI|^BANJUL|^BENIN|^CAN|^CANADA|^CANBERRA|^CENTRALAFRICANREPUBLIC|^CONAKRY|^CONCORD|^CONNECTICUT|^DENMARK|^DENVER|^EINSTEINIUM|^FINLAND|^FUNAFUTI|^HANOI|^HONDURAS|^HONIARA|^HONOLULU|^HUNGARY|^JUNEAU|^KANSAS|^KENTUCKY|^KENYA|^KINGSTON|^KINGSTOWN|^KINSHASA|^LANSING|^LANTHANUM|^LINCOLN|^LONDON|^MANAGUA|^MANAMA|^MANGANESE|^MANILA|^MENDELEVIUM|^MINNESOTA|^MINSK|^MONACO|^MONACO|^MONGOLIA|^MONROVIA|^MONTANA|^MONTENEGRO|^MONTEVIDEO|^MONTGOMERY|^MONTPELIER|^PANAMA|^PANAMACITY|^PENNSYLVANIA|^PHNOMPENH|^SANJOSE|^SANMARINO|^SANMARINO|^SANSALVADOR|^SANAA|^SANTAFE|^SANTIAGO|^SANTODOMINGO|^SENEGAL|^SINGAPORE|^SINGAPORE|^TANTALUM|^TANZANIA|^TENNESSEE|^TIN|^TONGA|^TUNGSTEN|^TUNIS|^TUNISIA|^VANADIUM|^VANUATU|^VENEZUELA|^WANT|^WINDHOEK|^XENON|^ZINC
95%
S1r:^SACRAMENTO|^SAINTGEORGES|^SAINTJOHNS|^SAINTKITTSANDNEVIS|^SAINTLUCIA|^SAINTPAUL|^SAINTVINCENTANDTHEGRENADINES|^SALEM|^SALTLAKECITY|^SAMARIUM|^SAMOA|^SANJOSE|^SANMARINO|^SANMARINO|^SANSALVADOR|^SANAA|^SANTAFE|^SANTIAGO|^SANTODOMINGO|^SAOTOME|^SAOTOMEANDPRINCIPE|^SARAJEVO|^SAUDIARABIA|^SAY|^SCANDIUM|^SEABORGIUM|^SEE|^SELENIUM|^SENEGAL|^SEOUL|^SERBIA|^SEYCHELLES|^SHE|^SIERRALEONE|^SILICON|^SILVER|^SINGAPORE|^SINGAPORE|^SKOPJE|^SLOVAKIA|^SLOVENIA|^SO|^SODIUM|^SOFIA|^SOLOMONISLANDS|^SOMALIA|^SOME|^SOUTHAFRICA|^SOUTHCAROLINA|^SOUTHDAKOTA|^SOUTHKOREA|^SOUTHSUDAN|^SOUTHTARAWA|^SPAIN|^SPRINGFIELD|^SRIJAYAWARDENAPURAKOTTE|^SRILANKA|^STOCKHOLM|^STRONTIUM|^SUDAN|^SULFUR|^SURINAME|^SUVA|^SWAZILAND|^SWEDEN|^SWITZERLAND|^SYRIA
95%
R2r:^ARGENTINA|^ARGON|^ARIZONA|^ARKANSAS|^ARMENIA|^ARSENIC|^BRASILIA|^BRATISLAVA|^BRAZIL|^BRAZZAVILLE|^BRIDGETOWN|^BROMINE|^BRUNEI|^BRUSSELS|^CROATIA|^ERBIUM|^ERITREA|^FRANCE|^FRANCIUM|^FRANKFORT|^FREETOWN|^FROM|^GREECE|^GRENADA|^IRAN|^IRAQ|^IRELAND|^IRIDIUM|^IRON|^KRYPTON|^OR|^OREGON|^PRAGUE|^PRAIA|^PRASEODYMIUM|^PRETORIACAPETOWNORBLOEMFONTEIN|^PRISTINA|^PROMETHIUM|^PROTACTINIUM|^PROVIDENCE|^SRIJAYAWARDENAPURAKOTTE|^SRILANKA|^TRENTON|^TRINIDADANDTOBAGO|^TRIPOLI|^URANIUM|^URUGUAY
95%
M1r:^MACEDONIA|^MADAGASCAR|^MADISON|^MADRID|^MAGNESIUM|^MAINE|^MAJURO|^MAKE|^MALABO|^MALAWI|^MALAYSIA|^MALDIVES|^MALE|^MALI|^MALTA|^MANAGUA|^MANAMA|^MANGANESE|^MANILA|^MAPUTO|^MARSHALLISLANDS|^MARYLAND|^MASERU|^MASSACHUSETTS|^MAURITANIA|^MAURITIUS|^MBABANE|^ME|^MEITNERIUM|^MENDELEVIUM|^MERCURY|^MEXICO|^MEXICOCITY|^MICHIGAN|^MINNESOTA|^MINSK|^MISSISSIPPI|^MISSOURI|^MOGADISHU|^MOLDOVA|^MOLYBDENUM|^MONACO|^MONACO|^MONGOLIA|^MONROVIA|^MONTANA|^MONTENEGRO|^MONTEVIDEO|^MONTGOMERY|^MONTPELIER|^MOROCCO|^MORONI|^MOSCOW|^MOST|^MOZAMBIQUE|^MUSCAT|^MY
95%
I4r:^ACTINIUM|^ADDISABABA|^ALGIERS|^ANTIGUAANDBARBUDA|^ANTIMONY|^BARIUM|^BELIZE|^BENIN|^BOLIVIA|^CALIFORNIA|^CALIFORNIUM|^CERIUM|^CESIUM|^CURIUM|^DILI|^DOMINICA|^DOMINICANREPUBLIC|^ERBIUM|^ETHIOPIA|^FIJI|^HELIUM|^HONIARA|^ILLINOIS|^INDIA|^INDIANA|^INDIANAPOLIS|^INDIUM|^IODINE|^KIRIBATI|^LOUISIANA|^MADISON|^MALI|^MANILA|^MEXICO|^MEXICOCITY|^NAMIBIA|^OSMIUM|^PAKISTAN|^PALIKIR|^PARIS|^PRAIA|^RADIUM|^RUBIDIUM|^SILICON|^SODIUM|^SOFIA|^SPAIN|^SPRINGFIELD|^SURINAME|^SYRIA|^TAJIKISTAN|^THAILAND|^THEIR|^TUNIS|^TUNISIA|^VATICANCITY|^VATICANCITY
94%
I5r:^ALUMINIUM|^AMERICIUM|^AUSTIN|^BEIJING|^BELGIUM|^BERLIN|^BOHRIUM|^BOSNIAANDHERZEGOVINA|^BRASILIA|^BRATISLAVA|^BRAZIL|^BROMINE|^BURKINAFASO|^CADMIUM|^CALCIUM|^CHISINAU|^DUBLIN|^DUBNIUM|^FERMIUM|^FLORIDA|^GALLIUM|^GAMBIA|^HAFNIUM|^HAITI|^HANOI|^HARRISBURG|^HASSIUM|^HAWAII|^HELSINKI|^HOLMIUM|^IRIDIUM|^JAMAICA|^KUWAIT|^KUWAITCITY|^LANSING|^LATVIA|^LITHIUM|^MADRID|^MALDIVES|^MAURITANIA|^MAURITIUS|^MICHIGAN|^MISSISSIPPI|^NIOBIUM|^PHILIPPINES|^PLATINUM|^PROVIDENCE|^RALEIGH|^RHENIUM|^RHODIUM|^RUSSIA|^SANTIAGO|^SAUDIARABIA|^SERBIA|^SWAZILAND|^TALLINN|^TBILISI|^TERBIUM|^THORIUM|^THULIUM|^TRINIDADANDTOBAGO|^UKRAINE|^URANIUM|^VILNIUS|^VIRGINIA|^WASHINGTON|^WASHINGTONDC|^WELLINGTON|^WYOMING|^YTTRIUM|^ZAMBIA
94%
B1r:^BACK|^BAGHDAD|^BAHAMAS|^BAHRAIN|^BAKU|^BAMAKO|^BANDARSERIBEGAWAN|^BANGKOK|^BANGLADESH|^BANGUI|^BANJUL|^BARBADOS|^BARIUM|^BASSETERRE|^BATONROUGE|^BE|^BECAUSE|^BEIJING|^BEIRUT|^BELARUS|^BELGIUM|^BELGRADE|^BELIZE|^BELMOPAN|^BENIN|^BERKELIUM|^BERLIN|^BERN|^BERYLLIUM|^BHUTAN|^BISHKEK|^BISMARCK|^BISMUTH|^BISSAU|^BOGOTA|^BOHRIUM|^BOISE|^BOLIVIA|^BORON|^BOSNIAANDHERZEGOVINA|^BOSTON|^BOTSWANA|^BRASILIA|^BRATISLAVA|^BRAZIL|^BRAZZAVILLE|^BRIDGETOWN|^BROMINE|^BRUNEI|^BRUSSELS|^BUCHAREST|^BUDAPEST|^BUENOSAIRES|^BUJUMBURA|^BULGARIA|^BURKINAFASO|^BURMA|^BURUNDI|^BUT|^BY
94%
U2r:^AUGUSTA|^AUSTIN|^AUSTRALIA|^AUSTRIA|^BUCHAREST|^BUDAPEST|^BUENOSAIRES|^BUJUMBURA|^BULGARIA|^BURKINAFASO|^BURMA|^BURUNDI|^BUT|^CUBA|^CURIUM|^DUBLIN|^DUBNIUM|^DUSHANBE|^EUROPIUM|^FUNAFUTI|^GUATEMALA|^GUATEMALACITY|^GUINEA|^GUINEABISSAU|^GUYANA|^HUNGARY|^JUBA|^JUNEAU|^JUST|^KUALALUMPUR|^KUWAIT|^KUWAITCITY|^LUANDA|^LUSAKA|^LUTETIUM|^LUXEMBOURG|^LUXEMBOURG|^MUSCAT|^NUKUALOFA|^OUAGADOUGOU|^OUR|^OUT|^QUITO|^RUBIDIUM|^RUSSIA|^RUTHENIUM|^RUTHERFORDIUM|^SUDAN|^SULFUR|^SURINAME|^SUVA|^TUNGSTEN|^TUNIS|^TUNISIA|^TURKEY|^TURKMENISTAN|^TUVALU
94%
N5r:^ACTINIUM|^ALBANIA|^ALBANY|^AMMAN|^ANTANANARIVO|^ARGENTINA|^ARGON|^ARKANSAS|^ARMENIA|^ARSENIC|^ASTANA|^ATHENS|^ATLANTA|^BATONROUGE|^BENIN|^BORON|^BURUNDI|^COPENHAGEN|^DOMINICA|^DOMINICANREPUBLIC|^ESTONIA|^GABON|^GUYANA|^HAVANA|^HELENA|^ILLINOIS|^INDONESIA|^IODINE|^JAPAN|^LEBANON|^LILONGWE|^MEITNERIUM|^MORONI|^PHOENIX|^POLAND|^POLONIUM|^RADON|^ROMANIA|^SELENIUM|^SPAIN|^SPRINGFIELD|^STRONTIUM|^SUDAN|^SURINAME|^TECHNETIUM|^TIRANA|^TITANIUM|^ULAANBAATAR|^VIENNA|^VIETNAM|^XENON|^YAOUNDE|^YAREN|^YEMEN
94%
R5r:^AFTER|^ALGERIA|^ANDORRA|^ANDORRALAVELLA|^ANKARA|^ASMARA|^AUSTRALIA|^AUSTRIA|^BELARUS|^BELGRADE|^CAMEROON|^CASTRIES|^CENTRALAFRICANREPUBLIC|^CHLORINE|^COLORADO|^COMOROS|^COPERNICIUM|^DAKAR|^DOVER|^DYSPROSIUM|^ERITREA|^FEDERATEDSTATESOFMICRONESIA|^FLUORINE|^GABORONE|^HARARE|^JAKARTA|^LIBERIA|^LIVERMORIUM|^MAJURO|^MASERU|^NICARAGUA|^NIGER|^NIGERIA|^OTHER|^PIERRE|^QATAR|^SAMARIUM|^SIERRALEONE|^THEIR|^YTTERBIUM
94%
O1r:^OF|^OHIO|^OKLAHOMA|^OKLAHOMACITY|^OLYMPIA|^OMAN|^ON|^ONE|^ONLY|^OR|^OREGON|^OSLO|^OSMIUM|^OTHER|^OTTAWA|^OUAGADOUGOU|^OUR|^OUT|^OVER|^OXYGEN
94%
O5r:^ARIZONA|^BELMOPAN|^BOSTON|^BUENOSAIRES|^CAIRO|^CAMBODIA|^CARBON|^CARSONCITY|^CONCORD|^DESMOINES|^DJIBOUTI|^DJIBOUTI|^ETHIOPIA|^FLEROVIUM|^HYDROGEN|^IDAHO|^LINCOLN|^LISBON|^LONDON|^MISSOURI|^MOLDOVA|^MONGOLIA|^MONROVIA|^MOSCOW|^NAIROBI|^NEWYORK|^NITROGEN|^OREGON|^PLUTONIUM|^PODGORICA|^PORTOFSPAIN|^PORTONOVOORCOTONOU|^PRETORIACAPETOWNORBLOEMFONTEIN|^QUITO|^SANJOSE|^SANTODOMINGO|^SAOTOME|^SAOTOMEANDPRINCIPE|^SEABORGIUM|^TOKYO|^TRIPOLI|^VERMONT|^VICTORIA|^WISCONSIN|^ZIRCONIUM
94%
F1r:^FEDERATEDSTATESOFMICRONESIA|^FERMIUM|^FIJI|^FINLAND|^FIRST|^FLEROVIUM|^FLORIDA|^FLUORINE|^FOR|^FRANCE|^FRANCIUM|^FRANKFORT|^FREETOWN|^FROM|^FUNAFUTI
94%
G1r:^GABON|^GABORONE|^GADOLINIUM|^GALLIUM|^GAMBIA|^GEORGETOWN|^GEORGIA|^GEORGIA|^GERMANIUM|^GERMANY|^GET|^GHANA|^GIVE|^GO|^GOLD|^GOOD|^GREECE|^GRENADA|^GUATEMALA|^GUATEMALACITY|^GUINEA|^GUINEABISSAU|^GUYANA
94%
R4r:^ACCRA|^AMERICIUM|^AZERBAIJAN|^BAHRAIN|^BEIRUT|^BOHRIUM|^CAIRO|^CHARLESTON|^CYPRUS|^FLEROVIUM|^FLORIDA|^GEORGETOWN|^GEORGIA|^GEORGIA|^HARRISBURG|^HYDROGEN|^KHARTOUM|^LAWRENCIUM|^LIBREVILLE|^MADRID|^MAURITANIA|^MAURITIUS|^MONROVIA|^NAIROBI|^NAURU|^NEBRASKA|^NGERULMUD|^NITROGEN|^OVER|^PIERRE|^SACRAMENTO|^SIERRALEONE|^TEHRAN|^THERE|^THORIUM|^YEAR|^YOUR|^YTTRIUM|^ZAGREB
94%
O3r:^ABOUT|^BROMINE|^CROATIA|^FLORIDA|^FROM|^GEORGETOWN|^GEORGIA|^GEORGIA|^GOOD|^IRON|^KNOW|^LAOS|^LOOK|^NEODYMIUM|^NEON|^NIOBIUM|^PEOPLE|^PHOENIX|^PHOSPHORUS|^PROMETHIUM|^PROTACTINIUM|^PROVIDENCE|^PYONGYANG|^RHODEISLAND|^RHODIUM|^SAOTOME|^SAOTOMEANDPRINCIPE|^SEOUL|^SKOPJE|^SLOVAKIA|^SLOVENIA|^STOCKHOLM|^THORIUM|^TWO|^WHO|^WYOMING|^YAOUNDE
94%
S3r:^ALSO|^AMSTERDAM|^ARSENIC|^AUSTIN|^AUSTRALIA|^AUSTRIA|^BASSETERRE|^BISHKEK|^BISMARCK|^BISMUTH|^BISSAU|^BOSNIAANDHERZEGOVINA|^BOSTON|^CASTRIES|^CESIUM|^COSTARICA|^DESMOINES|^DUSHANBE|^DYSPROSIUM|^EASTTIMOR|^ELSALVADOR|^HASSIUM|^HIS|^ITS|^JUST|^KOSOVO|^LESOTHO|^LISBON|^LUSAKA|^MASERU|^MASSACHUSETTS|^MISSISSIPPI|^MISSOURI|^MOSCOW|^MOST|^MUSCAT|^NASHVILLE|^NASSAU|^ROSEAU|^RUSSIA|^TASHKENT|^WASHINGTON|^WASHINGTONDC|^WESTVIRGINIA|^WISCONSIN
94%
I3r:^APIA|^ARIZONA|^BEIJING|^BEIRUT|^BOISE|^BRIDGETOWN|^CAIRO|^CHISINAU|^CHILE|^CHINA|^DJIBOUTI|^DJIBOUTI|^ERITREA|^GUINEA|^GUINEABISSAU|^HAITI|^IRIDIUM|^MAINE|^MEITNERIUM|^NAIROBI|^OHIO|^PHILIPPINES|^PRISTINA|^QUITO|^SAINTGEORGES|^SAINTJOHNS|^SAINTKITTSANDNEVIS|^SAINTLUCIA|^SAINTPAUL|^SAINTVINCENTANDTHEGRENADINES|^SRIJAYAWARDENAPURAKOTTE|^SRILANKA|^SWITZERLAND|^TAIPEI|^TAIWAN|^TBILISI|^THIMPHU|^THINK|^THIS|^TRINIDADANDTOBAGO|^TRIPOLI|^UNITEDARABEMIRATES|^UNITEDKINGDOM|^UNITEDSTATES|^WHICH
94%
T4r:^AMSTERDAM|^AUSTIN|^AUSTRALIA|^AUSTRIA|^BHUTAN|^BOSTON|^BRATISLAVA|^CASTRIES|^CENTRALAFRICANREPUBLIC|^COSTARICA|^EASTTIMOR|^ERITREA|^GUATEMALA|^GUATEMALACITY|^HAITI|^HARTFORD|^JUST|^KENTUCKY|^LANTHANUM|^LITTLEROCK|^MALTA|^MEITNERIUM|^MONTANA|^MONTENEGRO|^MONTEVIDEO|^MONTGOMERY|^MONTPELIER|^MOST|^NEPTUNIUM|^NORTHCAROLINA|^NORTHDAKOTA|^NORTHKOREA|^PLATINUM|^PLUTONIUM|^PORTLOUIS|^PORTMORESBY|^PORTVILA|^PORTAUPRINCE|^PORTOFSPAIN|^PORTONOVOORCOTONOU|^PORTUGAL|^PRETORIACAPETOWNORBLOEMFONTEIN|^PROTACTINIUM|^QUITO|^SALTLAKECITY|^SANTAFE|^SANTIAGO|^SANTODOMINGO|^SAOTOME|^SAOTOMEANDPRINCIPE|^SOUTHAFRICA|^SOUTHCAROLINA|^SOUTHDAKOTA|^SOUTHKOREA|^SOUTHSUDAN|^SOUTHTARAWA|^SWITZERLAND|^TANTALUM|^THAT|^UNITEDARABEMIRATES|^UNITEDKINGDOM|^UNITEDSTATES|^VICTORIA|^VIETNAM|^WANT|^WESTVIRGINIA|^WHAT
94%
E3r:^AMERICIUM|^AZERBAIJAN|^BUENOSAIRES|^CHEYENNE|^CZECHREPUBLIC|^EVEN|^FLEROVIUM|^FREETOWN|^GREECE|^GRENADA|^ICELAND|^IRELAND|^KIEV|^LIECHTENSTEIN|^NGERULMUD|^ONE|^OREGON|^OVER|^PIERRE|^PRETORIACAPETOWNORBLOEMFONTEIN|^RHENIUM|^ROENTGENIUM|^SEE|^SHE|^SIERRALEONE|^SWEDEN|^THE|^THEIR|^THEM|^THEN|^THERE|^THESE|^THEY|^TRENTON|^USE|^VIENNA|^VIENTIANE|^VIETNAM|^WHEN
94%
A5r:^ABUJA|^ACCRA|^AFGHANISTAN|^ALABAMA|^ASHGABAT|^BAHRAIN|^BANDARSERIBEGAWAN|^BARBADOS|^BHUTAN|^BISMARCK|^BISSAU|^BUCHAREST|^BULGARIA|^BURMA|^CHINA|^COSTARICA|^DENMARK|^DHAKA|^DUSHANBE|^FINLAND|^GERMANIUM|^GERMANY|^GHANA|^GRENADA|^HONIARA|^HUNGARY|^ICELAND|^INDIA|^INDIANA|^INDIANAPOLIS|^IRELAND|^JORDAN|^JUNEAU|^KAMPALA|^KANSAS|^KENYA|^KUALALUMPUR|^LIBYA|^MALTA|^MANGANESE|^MASSACHUSETTS|^MBABANE|^MONTANA|^MUSCAT|^NASSAU|^NEBRASKA|^NEWHAMPSHIRE|^NORWAY|^NUKUALOFA|^OUAGADOUGOU|^PALLADIUM|^PAPUANEWGUINEA|^PORTAUPRINCE|^PRAIA|^PROTACTINIUM|^ROSEAU|^SACRAMENTO|^SAMOA|^SANMARINO|^SANMARINO|^SANSALVADOR|^SANAA|^SANTAFE|^SINGAPORE|^SINGAPORE|^SLOVAKIA|^SOFIA|^SRIJAYAWARDENAPURAKOTTE|^SRILANKA|^SYRIA|^TAIWAN|^TALLAHASSEE|^TANTALUM|^TANZANIA|^TEHRAN|^TONGA|^VANUATU|^WARSAW|^ZIMBABWE
94%
T3r:^ACTINIUM|^AFTER|^ANTANANARIVO|^ANTIGUAANDBARBUDA|^ANTIMONY|^ASTANA|^ASTATINE|^BATONROUGE|^BOTSWANA|^BUT|^COTEDIVOIRE|^ESTONIA|^GET|^INTO|^KATHMANDU|^LATVIA|^LITHIUM|^LITHUANIA|^LITTLEROCK|^LUTETIUM|^NETHERLANDS|^NITROGEN|^NOT|^OTTAWA|^OUT|^POTASSIUM|^QATAR|^RUTHENIUM|^RUTHERFORDIUM|^TITANIUM|^VATICANCITY|^VATICANCITY|^WITH|^YTTERBIUM|^YTTRIUM
94%
H1r:^HAFNIUM|^HAITI|^HANOI|^HARARE|^HARRISBURG|^HARTFORD|^HASSIUM|^HAVANA|^HAVE|^HAWAII|^HE|^HELENA|^HELIUM|^HELSINKI|^HER|^HIM|^HIS|^HOLMIUM|^HONDURAS|^HONIARA|^HONOLULU|^HOW|^HUNGARY|^HYDROGEN
94%
D1r:^DAKAR|^DAMASCUS|^DARMSTADTIUM|^DAY|^DELAWARE|^DEMOCRATICREPUBLICOFTHECONGO|^DENMARK|^DENVER|^DESMOINES|^DHAKA|^DILI|^DJIBOUTI|^DJIBOUTI|^DO|^DODOMA|^DOHA|^DOMINICA|^DOMINICANREPUBLIC|^DOVER|^DUBLIN|^DUBNIUM|^DUSHANBE|^DYSPROSIUM
94%
I6r:^ACTINIUM|^ALBANIA|^ALGERIA|^ARMENIA|^ARSENIC|^ASTATINE|^ASUNCION|^AUSTRIA|^BAHRAIN|^BANGUI|^BOLIVIA|^BRUNEI|^CASTRIES|^CHLORINE|^CHROMIUM|^COTEDIVOIRE|^CROATIA|^DESMOINES|^DOMINICA|^DOMINICANREPUBLIC|^EASTTIMOR|^ESTONIA|^EUROPIUM|^FLUORINE|^FRANCIUM|^GADOLINIUM|^GEORGIA|^GEORGIA|^HAWAII|^KIGALI|^LIBERIA|^LOUISIANA|^LUTETIUM|^MALAWI|^MOGADISHU|^MORONI|^NAMIBIA|^NASHVILLE|^NAYPYIDAW|^NICOSIA|^NIGERIA|^NOBELIUM|^OLYMPIA|^PALIKIR|^PHOENIX|^POLONIUM|^PORTVILA|^PRISTINA|^RHODEISLAND|^ROMANIA|^RUBIDIUM|^SAMARIUM|^SCANDIUM|^SELENIUM|^SOMALIA|^TAIPEI|^TAJIKISTAN|^TEGUCIGALPA|^THALLIUM|^TITANIUM|^TUNISIA|^UZBEKISTAN|^VANADIUM|^VIENTIANE|^WESTVIRGINIA
94%
U1r:^UGANDA|^UKRAINE|^ULAANBAATAR|^UNITEDARABEMIRATES|^UNITEDKINGDOM|^UNITEDSTATES|^UP|^URANIUM|^URUGUAY|^US|^USE|^UTAH|^UZBEKISTAN
94%
A6r:^ABUDHABI|^ADDISABABA|^ALASKA|^ANGOLA|^ANKARA|^ANTANANARIVO|^ASMARA|^ASTANA|^AUSTRALIA|^AZERBAIJAN|^BAGHDAD|^BAHAMAS|^BANGLADESH|^BELGRADE|^BOGOTA|^BOSNIAANDHERZEGOVINA|^BOTSWANA|^BRAZZAVILLE|^CANADA|^CARACAS|^CENTRALAFRICANREPUBLIC|^COLORADO|^DELAWARE|^DODOMA|^FEDERATEDSTATESOFMICRONESIA|^GAMBIA|^GUINEA|^GUINEABISSAU|^GUYANA|^HAVANA|^HELENA|^ISLAMABAD|^JERUSALEM|^KATHMANDU|^KINSHASA|^KIRIBATI|^LANTHANUM|^LATVIA|^LITHUANIA|^LUANDA|^LUSAKA|^MADAGASCAR|^MANAMA|^MANILA|^MARSHALLISLANDS|^MARYLAND|^NEVADA|^NEWZEALAND|^NICARAGUA|^OTTAWA|^PANAMA|^PANAMACITY|^PARAMARIBO|^REYKJAVIK|^RUSSIA|^RWANDA|^SALTLAKECITY|^SANTIAGO|^SAUDIARABIA|^SENEGAL|^SERBIA|^SIERRALEONE|^SOUTHAFRICA|^SURINAME|^THAILAND|^TIRANA|^TOPEKA|^UGANDA|^URUGUAY|^VATICANCITY|^VATICANCITY|^VIENNA|^VIETNAM|^YEREVAN|^ZAMBIA
94%
N6r:^AFGHANISTAN|^ALUMINIUM|^ARIZONA|^AUSTIN|^BEIJING|^BERLIN|^BHUTAN|^BOSTON|^BROMINE|^BURKINAFASO|^CARBON|^CARSONCITY|^CHEYENNE|^CHISINAU|^COPERNICIUM|^DUBLIN|^DUSHANBE|^FINLAND|^GERMANIUM|^GERMANY|^HELSINKI|^ICELAND|^INDIANA|^INDIANAPOLIS|^IRELAND|^JORDAN|^LANSING|^LAWRENCIUM|^LISBON|^LONDON|^MANGANESE|^MBABANE|^MONTANA|^MONTENEGRO|^NEPTUNIUM|^OREGON|^OXYGEN|^PAPUANEWGUINEA|^PLATINUM|^PLUTONIUM|^PORTONOVOORCOTONOU|^RUTHENIUM|^SLOVENIA|^SRILANKA|^SWEDEN|^TAIWAN|^TALLINN|^TANZANIA|^TEHRAN|^UKRAINE|^VERMONT|^VIRGINIA|^WASHINGTON|^WASHINGTONDC|^WELLINGTON|^WISCONSIN|^WYOMING|^ZIRCONIUM
94%
H2r:^BHUTAN|^CHAD|^CHARLESTON|^CHEYENNE|^CHISINAU|^CHILE|^CHINA|^CHLORINE|^CHROMIUM|^DHAKA|^GHANA|^KHARTOUM|^OHIO|^PHILIPPINES|^PHNOMPENH|^PHOENIX|^PHOSPHORUS|^RHENIUM|^RHODEISLAND|^RHODIUM|^SHE|^THAILAND|^THALLIUM|^THAN|^THAT|^THE|^THEIR|^THEM|^THEN|^THERE|^THESE|^THEY|^THIMPHU|^THINK|^THIS|^THORIUM|^THULIUM|^WHAT|^WHEN|^WHICH|^WHO
94%
I2r:^BISHKEK|^BISMARCK|^BISMUTH|^BISSAU|^DILI|^EINSTEINIUM|^FIJI|^FINLAND|^FIRST|^GIVE|^HIM|^HIS|^KIEV|^KIGALI|^KINGSTON|^KINGSTOWN|^KINSHASA|^KIRIBATI|^LIBERIA|^LIBREVILLE|^LIBYA|^LIECHTENSTEIN|^LIKE|^LILONGWE|^LIMA|^LINCOLN|^LISBON|^LITHIUM|^LITHUANIA|^LITTLEROCK|^LIVERMORIUM|^MICHIGAN|^MINNESOTA|^MINSK|^MISSISSIPPI|^MISSOURI|^NIAMEY|^NICARAGUA|^NICKEL|^NICOSIA|^NIGER|^NIGERIA|^NIOBIUM|^NITROGEN|^PIERRE|^RICHMOND|^RIGA|^RIYADH|^SIERRALEONE|^SILICON|^SILVER|^SINGAPORE|^SINGAPORE|^TIME|^TIN|^TIRANA|^TITANIUM|^VICTORIA|^VIENNA|^VIENTIANE|^VIETNAM|^VILNIUS|^VIRGINIA|^WILL|^WINDHOEK|^WISCONSIN|^WITH|^ZIMBABWE|^ZINC|^ZIRCONIUM
94%
P1r:^PAKISTAN|^PALAU|^PALIKIR|^PALLADIUM|^PANAMA|^PANAMACITY|^PAPUANEWGUINEA|^PARAGUAY|^PARAMARIBO|^PARIS|^PENNSYLVANIA|^PEOPLE|^PERU|^PHILIPPINES|^PHNOMPENH|^PHOENIX|^PHOSPHORUS|^PIERRE|^PLATINUM|^PLUTONIUM|^PODGORICA|^POLAND|^POLONIUM|^PORTLOUIS|^PORTMORESBY|^PORTVILA|^PORTAUPRINCE|^PORTOFSPAIN|^PORTONOVOORCOTONOU|^PORTUGAL|^POTASSIUM|^PRAGUE|^PRAIA|^PRASEODYMIUM|^PRETORIACAPETOWNORBLOEMFONTEIN|^PRISTINA|^PROMETHIUM|^PROTACTINIUM|^PROVIDENCE|^PYONGYANG
93%
R3r:^BARBADOS|^BARIUM|^BERKELIUM|^BERLIN|^BERN|^BERYLLIUM|^BORON|^BURKINAFASO|^BURMA|^BURUNDI|^CARACAS|^CARBON|^CARSONCITY|^CERIUM|^CHROMIUM|^CURIUM|^DARMSTADTIUM|^EUROPIUM|^FERMIUM|^FIRST|^FOR|^GERMANIUM|^GERMANY|^HARARE|^HARRISBURG|^HARTFORD|^HER|^ISRAEL|^JERUSALEM|^JORDAN|^KIRIBATI|^KYRGYZSTAN|^MARSHALLISLANDS|^MARYLAND|^MERCURY|^MOROCCO|^MORONI|^NORTHCAROLINA|^NORTHDAKOTA|^NORTHKOREA|^NORWAY|^OUR|^PARAGUAY|^PARAMARIBO|^PARIS|^PERU|^PORTLOUIS|^PORTMORESBY|^PORTVILA|^PORTAUPRINCE|^PORTOFSPAIN|^PORTONOVOORCOTONOU|^PORTUGAL|^SARAJEVO|^SERBIA|^SPRINGFIELD|^STRONTIUM|^SURINAME|^SYRIA|^TERBIUM|^TIRANA|^TURKEY|^TURKMENISTAN|^UKRAINE|^VERMONT|^VIRGINIA|^WARSAW|^WORK|^YAREN|^YEREVAN|^ZIRCONIUM
93%
D3r:^ADDISABABA|^AND|^ANDORRA|^ANDORRALAVELLA|^BUDAPEST|^CADMIUM|^DODOMA|^FEDERATEDSTATESOFMICRONESIA|^GADOLINIUM|^HYDROGEN|^INDIA|^INDIANA|^INDIANAPOLIS|^INDIUM|^INDONESIA|^IODINE|^MADAGASCAR|^MADISON|^MADRID|^PODGORICA|^RADIUM|^RADON|^SODIUM|^SUDAN|^VADUZ
93%
S4r:^ALASKA|^BASSETERRE|^BISSAU|^BOISE|^BOTSWANA|^BRASILIA|^BRUSSELS|^CARSONCITY|^CHISINAU|^EINSTEINIUM|^FIRST|^HASSIUM|^HELSINKI|^KANSAS|^KINSHASA|^LANSING|^LAOS|^MARSHALLISLANDS|^MASSACHUSETTS|^MINSK|^MISSISSIPPI|^MISSOURI|^NASSAU|^PHOSPHORUS|^PRASEODYMIUM|^PRISTINA|^RUSSIA|^SANSALVADOR|^THESE|^THIS|^WARSAW
93%
B4r:^ALABAMA|^BARBADOS|^CAMBODIA|^CANBERRA|^CARBON|^DJIBOUTI|^DJIBOUTI|^GAMBIA|^LISBON|^LJUBLJANA|^MBABANE|^NIOBIUM|^SEABORGIUM|^SERBIA|^TERBIUM|^ZAMBIA|^ZIMBABWE
93%
O4r:^ALSO|^ANDORRA|^ANDORRALAVELLA|^ANGOLA|^ARGON|^BATONROUGE|^BOGOTA|^BORON|^CHLORINE|^CHROMIUM|^COLOMBIA|^COLORADO|^COMOROS|^DEMOCRATICREPUBLICOFTHECONGO|^DODOMA|^ESTONIA|^EUROPIUM|^FLUORINE|^GABON|^GABORONE|^GADOLINIUM|^HANOI|^HONOLULU|^INDONESIA|^INTO|^KOSOVO|^LESOTHO|^LILONGWE|^MOROCCO|^MORONI|^NICOSIA|^OHIO|^OSLO|^PHNOMPENH|^POLONIUM|^RADON|^SAMOA|^SOLOMONISLANDS|^STRONTIUM|^TOGO|^XENON|^YAMOUSSOUKRO
93%
O6r:^ANNAPOLIS|^ANTIMONY|^BAMAKO|^BANGKOK|^CALIFORNIA|^CALIFORNIUM|^CAMEROON|^COMOROS|^DYSPROSIUM|^ECUADOR|^EQUATORIALGUINEA|^FREETOWN|^GABORONE|^HARTFORD|^ILLINOIS|^JACKSON|^KHARTOUM|^KOSOVO|^KRYPTON|^LAPAZORSUCRE|^LEBANON|^MACEDONIA|^MADISON|^MAJURO|^MALABO|^MAPUTO|^MEXICO|^MEXICOCITY|^MONACO|^MONACO|^MONTGOMERY|^OKLAHOMA|^OKLAHOMACITY|^PORTLOUIS|^PORTMORESBY|^PRASEODYMIUM|^RICHMOND|^SILICON|^SOLOMONISLANDS|^TRENTON|^WINDHOEK
93%
K1r:^KABUL|^KAMPALA|^KANSAS|^KATHMANDU|^KAZAKHSTAN|^KENTUCKY|^KENYA|^KHARTOUM|^KIEV|^KIGALI|^KINGSTON|^KINGSTOWN|^KINSHASA|^KIRIBATI|^KNOW|^KOSOVO|^KRYPTON|^KUALALUMPUR|^KUWAIT|^KUWAITCITY|^KYRGYZSTAN
93%
L1r:^LAPAZORSUCRE|^LANSING|^LANTHANUM|^LAOS|^LATVIA|^LAWRENCIUM|^LEAD|^LEBANON|^LESOTHO|^LIBERIA|^LIBREVILLE|^LIBYA|^LIECHTENSTEIN|^LIKE|^LILONGWE|^LIMA|^LINCOLN|^LISBON|^LITHIUM|^LITHUANIA|^LITTLEROCK|^LIVERMORIUM|^LJUBLJANA|^LOME|^LONDON|^LOOK|^LOUISIANA|^LUANDA|^LUSAKA|^LUTETIUM|^LUXEMBOURG|^LUXEMBOURG
93%
U3r:^ABUDHABI|^ABUJA|^ALUMINIUM|^ASUNCION|^BHUTAN|^BRUNEI|^BRUSSELS|^COULD|^ECUADOR|^EQUATORIALGUINEA|^FLUORINE|^LJUBLJANA|^LOUISIANA|^MAURITANIA|^MAURITIUS|^NAURU|^NOUAKCHOTT|^PLUTONIUM|^SAUDIARABIA|^SOUTHAFRICA|^SOUTHCAROLINA|^SOUTHDAKOTA|^SOUTHKOREA|^SOUTHSUDAN|^SOUTHTARAWA|^THULIUM|^URUGUAY|^WOULD|^YOU|^YOUR
93%
E4r:^AFTER|^ALGERIA|^ARGENTINA|^ARMENIA|^ARSENIC|^ATHENS|^CAMEROON|^CAPEVERDE|^COME|^COPENHAGEN|^COPERNICIUM|^COTEDIVOIRE|^DOVER|^FEDERATEDSTATESOFMICRONESIA|^FREETOWN|^GIVE|^GREECE|^HAVE|^HELENA|^JUNEAU|^LIBERIA|^LIKE|^LIVERMORIUM|^LOME|^LUTETIUM|^LUXEMBOURG|^LUXEMBOURG|^MACEDONIA|^MAKE|^MALE|^MASERU|^NIGER|^NIGERIA|^NOBELIUM|^OTHER|^PHOENIX|^RALEIGH|^ROME|^ROSEAU|^SALEM|^SELENIUM|^SENEGAL|^SOME|^TAKE|^TIME|^TOPEKA|^UZBEKISTAN|^VENEZUELA|^YAREN|^YEMEN|^YEREVAN|^YTTERBIUM
93%
R1r:^RABAT|^RADIUM|^RADON|^RALEIGH|^REPUBLICOFTHECONGO|^REYKJAVIK|^RHENIUM|^RHODEISLAND|^RHODIUM|^RICHMOND|^RIGA|^RIYADH|^ROENTGENIUM|^ROMANIA|^ROME|^ROSEAU|^RUBIDIUM|^RUSSIA|^RUTHENIUM|^RUTHERFORDIUM|^RWANDA
93%
M3r:^AMMAN|^ARMENIA|^ASMARA|^BAMAKO|^CAMBODIA|^CAMEROON|^COME|^COMOROS|^DAMASCUS|^DEMOCRATICREPUBLICOFTHECONGO|^DOMINICA|^DOMINICANREPUBLIC|^GAMBIA|^HIM|^JAMAICA|^KAMPALA|^LIMA|^LOME|^NAMIBIA|^OSMIUM|^ROMANIA|^ROME|^SAMARIUM|^SAMOA|^SOMALIA|^SOME|^TIME|^YAMOUSSOUKRO|^YEMEN|^ZAMBIA|^ZIMBABWE
93%
G4r:^ASHGABAT|^BANGKOK|^BANGLADESH|^BANGUI|^BELGIUM|^BELGRADE|^BULGARIA|^HUNGARY|^KINGSTON|^KINGSTOWN|^KYRGYZSTAN|^MANGANESE|^MONGOLIA|^OREGON|^OUAGADOUGOU|^OXYGEN|^PODGORICA|^PRAGUE|^SINGAPORE|^SINGAPORE|^TONGA|^TUNGSTEN|^URUGUAY|^VIRGINIA
92%
W1r:^WANT|^WARSAW|^WASHINGTON|^WASHINGTONDC|^WAY|^WE|^WELL|^WELLINGTON|^WESTVIRGINIA|^WHAT|^WHEN|^WHICH|^WHO|^WILL|^WINDHOEK|^WISCONSIN|^WITH|^WORK|^WOULD|^WYOMING
92%
L2r:^ALABAMA|^ALASKA|^ALBANIA|^ALBANY|^ALGERIA|^ALGIERS|^ALL|^ALSO|^ALUMINIUM|^ELSALVADOR|^FLEROVIUM|^FLORIDA|^FLUORINE|^ILLINOIS|^OLYMPIA|^PLATINUM|^PLUTONIUM|^SLOVAKIA|^SLOVENIA|^ULAANBAATAR
92%
U6r:^ANTIGUAANDBARBUDA|^BELARUS|^BELGIUM|^BISSAU|^BOHRIUM|^CADMIUM|^CALCIUM|^DJIBOUTI|^DJIBOUTI|^DUBNIUM|^FERMIUM|^FUNAFUTI|^GALLIUM|^HAFNIUM|^HASSIUM|^HOLMIUM|^HONOLULU|^IRIDIUM|^JUNEAU|^LITHIUM|^MANAGUA|^MASERU|^MISSOURI|^NASSAU|^NIOBIUM|^PARAGUAY|^PORTAUPRINCE|^RHENIUM|^RHODIUM|^ROSEAU|^TERBIUM|^THORIUM|^THULIUM|^TUVALU|^URANIUM|^VENEZUELA|^VILNIUS|^YTTRIUM
92%
T2r:^AT|^ATHENS|^ATLANTA|^ETHIOPIA|^IT|^ITALY|^ITS|^OTHER|^OTTAWA|^STOCKHOLM|^STRONTIUM|^UTAH|^YTTERBIUM|^YTTRIUM
92%
E6r:^BELIZE|^BISHKEK|^BRIDGETOWN|^BRUSSELS|^BUDAPEST|^CAPEVERDE|^CHARLESTON|^EINSTEINIUM|^ERITREA|^FRANCE|^GEORGETOWN|^GREECE|^HARARE|^INDONESIA|^IODINE|^LITTLEROCK|^MEITNERIUM|^MONTPELIER|^NDJAMENA|^PEOPLE|^PIERRE|^PRAGUE|^SARAJEVO|^SEYCHELLES|^SKOPJE|^SWITZERLAND|^TASHKENT|^TECHNETIUM|^TURKMENISTAN
92%
J1r:^JACKSON|^JAKARTA|^JAMAICA|^JAPAN|^JEFFERSONCITY|^JERUSALEM|^JORDAN|^JUBA|^JUNEAU|^JUST
92%
R6r:^ALGIERS|^AMSTERDAM|^ANDORRA|^ANDORRALAVELLA|^BANDARSERIBEGAWAN|^BATONROUGE|^BISMARCK|^BUCHAREST|^BULGARIA|^CANBERRA|^CONAKRY|^CONCORD|^COPPER|^COSTARICA|^CZECHREPUBLIC|^DEMOCRATICREPUBLICOFTHECONGO|^DENMARK|^DENVER|^HONDURAS|^HONIARA|^HUNGARY|^JEFFERSONCITY|^MERCURY|^NETHERLANDS|^NEWJERSEY|^NEWYORK|^PODGORICA|^PRETORIACAPETOWNORBLOEMFONTEIN|^RUTHERFORDIUM|^SANMARINO|^SANMARINO|^SEABORGIUM|^SILVER|^SULFUR|^TELLURIUM|^VICTORIA
92%
B3r:^ALBANIA|^ALBANY|^COBALT|^CUBA|^DUBLIN|^DUBNIUM|^ERBIUM|^GABON|^GABORONE|^JUBA|^KABUL|^LEBANON|^LIBERIA|^LIBREVILLE|^LIBYA|^NEBRASKA|^NOBELIUM|^RABAT|^RUBIDIUM|^UZBEKISTAN
91%
S2r:^AS|^ASHGABAT|^ASMARA|^ASTANA|^ASTATINE|^ASUNCION|^ESTONIA|^ISLAMABAD|^ISRAEL|^OSLO|^OSMIUM|^US|^USE
91%
E1r:^EASTTIMOR|^ECUADOR|^EGYPT|^EINSTEINIUM|^ELSALVADOR|^EQUATORIALGUINEA|^ERBIUM|^ERITREA|^ESTONIA|^ETHIOPIA|^EUROPIUM|^EVEN
91%
L4r:^BERLIN|^CHILE|^COULD|^DUBLIN|^FINLAND|^GALLIUM|^ICELAND|^IRELAND|^ITALY|^KUALALUMPUR|^PALLADIUM|^PHILIPPINES|^SRILANKA|^TALLAHASSEE|^TALLINN|^TBILISI|^TELLURIUM|^THALLIUM|^THULIUM|^VALLETTA|^WELL|^WELLINGTON|^WILL|^WOULD
91%
H4r:^AFGHANISTAN|^BAGHDAD|^BISHKEK|^BUCHAREST|^DUSHANBE|^IDAHO|^KATHMANDU|^LITHIUM|^LITHUANIA|^MICHIGAN|^NASHVILLE|^NETHERLANDS|^NEWHAMPSHIRE|^RICHMOND|^RUTHENIUM|^RUTHERFORDIUM|^TASHKENT|^TECHNETIUM|^UTAH|^WASHINGTON|^WASHINGTONDC|^WITH
91%
Y1r:^YAMOUSSOUKRO|^YAOUNDE|^YAREN|^YEAR|^YEMEN|^YEREVAN|^YOU|^YOUR|^YTTERBIUM|^YTTRIUM
91%
K5r:^ALASKA|^BAMAKO|^BANGKOK|^BISHKEK|^CONAKRY|^FRANKFORT|^KAZAKHSTAN|^LUSAKA|^MINSK|^NOUAKCHOTT|^PALIKIR|^STOCKHOLM|^TAJIKISTAN|^TASHKENT|^THINK|^TOPEKA|^UZBEKISTAN
90%
Z1r:^ZAGREB|^ZAMBIA|^ZIMBABWE|^ZINC|^ZIRCONIUM
90%
V1r:^VADUZ|^VALLETTA|^VANADIUM|^VANUATU|^VATICANCITY|^VATICANCITY|^VENEZUELA|^VERMONT|^VICTORIA|^VIENNA|^VIENTIANE|^VIETNAM|^VILNIUS|^VIRGINIA
90%
G3r:^AFGHANISTAN|^ALGERIA|^ALGIERS|^ANGOLA|^ARGENTINA|^ARGON|^AUGUSTA|^BAGHDAD|^BOGOTA|^KIGALI|^MAGNESIUM|^MOGADISHU|^NIGER|^NIGERIA|^RIGA|^TEGUCIGALPA|^TOGO|^ZAGREB
90%
L5r:^ANGOLA|^BANGLADESH|^BERYLLIUM|^CHARLESTON|^COBALT|^ELSALVADOR|^GADOLINIUM|^HONOLULU|^KABUL|^KIGALI|^LITTLEROCK|^LJUBLJANA|^MANILA|^MARYLAND|^NEPAL|^NOBELIUM|^PEOPLE|^PORTLOUIS|^SALTLAKECITY|^SEOUL|^SOMALIA|^THAILAND|^THALLIUM|^TUVALU
90%
D5r:^BAGHDAD|^CANADA|^COTEDIVOIRE|^COULD|^ECUADOR|^LUANDA|^MACEDONIA|^MOGADISHU|^NEVADA|^RIYADH|^RUBIDIUM|^RWANDA|^SCANDIUM|^UGANDA|^VANADIUM|^WOULD
90%
Y2r:^BY|^CYPRUS|^DYSPROSIUM|^HYDROGEN|^KYRGYZSTAN|^MY|^PYONGYANG|^SYRIA|^WYOMING
90%
M4r:^ALUMINIUM|^BELMOPAN|^BISMARCK|^BISMUTH|^BROMINE|^BURMA|^CADMIUM|^DARMSTADTIUM|^DENMARK|^DESMOINES|^FERMIUM|^FROM|^GERMANIUM|^GERMANY|^HOLMIUM|^NEWMEXICO|^NIAMEY|^OLYMPIA|^PROMETHIUM|^SANMARINO|^SANMARINO|^THEM|^THIMPHU|^VERMONT|^WYOMING
89%
U5r:^BANGUI|^BANJUL|^BARIUM|^BECAUSE|^BEIRUT|^BISMUTH|^CERIUM|^CESIUM|^CURIUM|^CYPRUS|^ERBIUM|^HELIUM|^HONDURAS|^INDIUM|^KENTUCKY|^LITHUANIA|^MERCURY|^NAURU|^NEPTUNIUM|^NGERULMUD|^OSMIUM|^PALAU|^PORTUGAL|^PRAGUE|^RADIUM|^SODIUM|^SULFUR|^TELLURIUM|^URUGUAY|^YAMOUSSOUKRO
89%
T5r:^ABOUT|^ASTATINE|^BOGOTA|^CROATIA|^EASTTIMOR|^EGYPT|^EINSTEINIUM|^EQUATORIALGUINEA|^FIRST|^FREETOWN|^KHARTOUM|^KRYPTON|^LESOTHO|^LUTETIUM|^MAPUTO|^PRISTINA|^RABAT|^ROENTGENIUM|^SAINTGEORGES|^SAINTJOHNS|^SAINTKITTSANDNEVIS|^SAINTLUCIA|^SAINTPAUL|^SAINTVINCENTANDTHEGRENADINES|^TRENTON|^VIENTIANE
89%
Y3r:^ANY|^DAY|^EGYPT|^GUYANA|^KRYPTON|^NAYPYIDAW|^OLYMPIA|^OXYGEN|^REYKJAVIK|^RIYADH|^SAY|^SEYCHELLES|^WAY
89%
Q1r:^QATAR|^QUITO
89%
T6r:^ARGENTINA|^ATLANTA|^AUGUSTA|^BASSETERRE|^BEIRUT|^BISMUTH|^COBALT|^DARMSTADTIUM|^JAKARTA|^KINGSTON|^KINGSTOWN|^KUWAIT|^KUWAITCITY|^LIECHTENSTEIN|^MAURITANIA|^MAURITIUS|^MUSCAT|^PAKISTAN|^PROMETHIUM|^SOUTHTARAWA|^STRONTIUM|^TUNGSTEN|^VALLETTA|^VANUATU
88%
C5r:^ASUNCION|^CARACAS|^DEMOCRATICREPUBLICOFTHECONGO|^FRANCE|^FRANCIUM|^GREECE|^MEXICO|^MEXICOCITY|^MONACO|^MONACO|^MOROCCO|^SILICON|^TEGUCIGALPA|^VATICANCITY|^VATICANCITY
88%
W3r:^HAWAII|^HOW|^IOWA|^KUWAIT|^KUWAITCITY|^LAWRENCIUM|^NEW|^NEWDELHI|^NEWHAMPSHIRE|^NEWJERSEY|^NEWMEXICO|^NEWYORK|^NEWZEALAND|^NOW
88%
U4r:^ABOUT|^AUGUSTA|^BAKU|^BUJUMBURA|^BURUNDI|^COLUMBIA|^COLUMBUS|^JERUSALEM|^KABUL|^MAJURO|^MAPUTO|^NUKUALOFA|^PAPUANEWGUINEA|^PERU|^REPUBLICOFTHECONGO|^SEOUL|^TEGUCIGALPA|^VADUZ|^VANUATU|^YAOUNDE
87%
D6r:^BARBADOS|^BURUNDI|^CAMBODIA|^FLORIDA|^GRENADA|^MADRID|^MOLYBDENUM|^NORTHDAKOTA|^OUAGADOUGOU|^PALLADIUM|^POLAND|^PROVIDENCE|^SANTODOMINGO|^SOUTHDAKOTA|^TRINIDADANDTOBAGO|^UNITEDARABEMIRATES|^UNITEDKINGDOM|^UNITEDSTATES|^YAOUNDE
87%
P3r:^CAPEVERDE|^COPENHAGEN|^COPERNICIUM|^COPPER|^CYPRUS|^JAPAN|^LAPAZORSUCRE|^MAPUTO|^NEPAL|^NEPTUNIUM|^PAPUANEWGUINEA|^REPUBLICOFTHECONGO|^TOPEKA
87%
D4r:^ABUDHABI|^BANDARSERIBEGAWAN|^BRIDGETOWN|^CHAD|^GOLD|^GOOD|^HONDURAS|^IRIDIUM|^JORDAN|^LEAD|^LONDON|^MALDIVES|^MENDELEVIUM|^MOLDOVA|^NEODYMIUM|^NEWDELHI|^RHODEISLAND|^RHODIUM|^SAUDIARABIA|^SWEDEN|^WINDHOEK
87%
B6r:^ASHGABAT|^BUJUMBURA|^COLOMBIA|^COLUMBIA|^COLUMBUS|^LUXEMBOURG|^LUXEMBOURG|^MOZAMBIQUE|^NAIROBI|^ULAANBAATAR|^YTTERBIUM|^ZAGREB|^ZIMBABWE
86%
S5r:^ADDISABABA|^AUGUSTA|^BRUSSELS|^DAMASCUS|^DARMSTADTIUM|^JACKSON|^JERUSALEM|^KINGSTON|^KINGSTOWN|^LOUISIANA|^MADISON|^NICOSIA|^PAKISTAN|^PARIS|^PENNSYLVANIA|^POTASSIUM|^TEXAS|^TUNGSTEN|^TUNIS|^TUNISIA
86%
C4r:^CALCIUM|^CONCORD|^CZECHREPUBLIC|^LIECHTENSTEIN|^LINCOLN|^MERCURY|^MOSCOW|^MUSCAT|^SEYCHELLES|^STOCKHOLM|^WHICH|^WISCONSIN|^ZINC|^ZIRCONIUM
86%
M5r:^ANTIMONY|^BAHAMAS|^BUJUMBURA|^CHROMIUM|^COLOMBIA|^COLUMBIA|^COLUMBUS|^DODOMA|^ISLAMABAD|^KATHMANDU|^LUXEMBOURG|^LUXEMBOURG|^MANAMA|^MOZAMBIQUE|^NDJAMENA|^PANAMA|^PANAMACITY|^PARAMARIBO|^PHNOMPENH|^PORTMORESBY|^RICHMOND|^SALEM|^SOLOMONISLANDS|^TURKMENISTAN
86%
S6r:^ARKANSAS|^ATHENS|^BECAUSE|^BRATISLAVA|^BUENOSAIRES|^CYPRUS|^HARRISBURG|^KANSAS|^MAGNESIUM|^MALAYSIA|^MINNESOTA|^MISSISSIPPI|^NEBRASKA|^POTASSIUM|^SANJOSE|^SOUTHSUDAN|^TBILISI|^TENNESSEE|^YAMOUSSOUKRO
85%
C3r:^ACCRA|^BACK|^BECAUSE|^BUCHAREST|^JACKSON|^MACEDONIA|^MICHIGAN|^NICARAGUA|^NICKEL|^NICOSIA|^RICHMOND|^SACRAMENTO|^TECHNETIUM|^VICTORIA
85%
K3r:^ANKARA|^ARKANSAS|^BAKU|^DAKAR|^JAKARTA|^LIKE|^MAKE|^NUKUALOFA|^PAKISTAN|^TAKE|^TOKYO
85%
M2r:^AMERICIUM|^AMMAN|^AMSTERDAM|^OMAN
84%
H5r:^ABUDHABI|^CZECHREPUBLIC|^KINSHASA|^LANTHANUM|^LIECHTENSTEIN|^MARSHALLISLANDS|^NORTHCAROLINA|^NORTHDAKOTA|^NORTHKOREA|^OKLAHOMA|^OKLAHOMACITY|^SEYCHELLES|^SOUTHAFRICA|^SOUTHCAROLINA|^SOUTHDAKOTA|^SOUTHKOREA|^SOUTHSUDAN|^SOUTHTARAWA|^WHICH|^WINDHOEK
84%
W2r:^RWANDA|^SWAZILAND|^SWEDEN|^SWITZERLAND|^TWO
83%
X3r:^LUXEMBOURG|^LUXEMBOURG|^MEXICO|^MEXICOCITY|^TEXAS
83%
C2r:^ACCRA|^ACTINIUM|^ECUADOR|^ICELAND|^SCANDIUM
83%
Z4r:^ARIZONA|^BRAZIL|^BRAZZAVILLE|^NEWZEALAND|^SWAZILAND|^TANZANIA
83%
L6r:^BANJUL|^BERKELIUM|^BERYLLIUM|^BRASILIA|^BRAZIL|^ISRAEL|^KAMPALA|^KUALALUMPUR|^LINCOLN|^MENDELEVIUM|^MONGOLIA|^NEWDELHI|^NGERULMUD|^NICKEL|^NUKUALOFA|^REPUBLICOFTHECONGO|^SAINTLUCIA|^SANSALVADOR|^SWAZILAND|^TANTALUM|^TRIPOLI
83%
Y4r:^BERYLLIUM|^CHEYENNE|^KENYA|^LIBYA|^MARYLAND|^MOLYBDENUM|^NEWYORK|^ONLY|^THEY|^TOKYO
82%
F2r:^AFGHANISTAN|^AFTER|^IF|^OF
81%
P2r:^APIA|^SPAIN|^SPRINGFIELD|^UP
80%
Z2r:^AZERBAIJAN|^CZECHREPUBLIC|^UZBEKISTAN
80%
V3r:^DOVER|^GIVE|^HAVANA|^HAVE|^LIVERMORIUM|^NEVADA|^SUVA|^TUVALU
80%
H6r:^COPENHAGEN|^KAZAKHSTAN|^LESOTHO|^PHOSPHORUS|^RIYADH|^STOCKHOLM|^TALLAHASSEE|^THIMPHU
79%
H3r:^ASHGABAT|^ATHENS|^BAHAMAS|^BAHRAIN|^BOHRIUM|^DOHA|^ETHIOPIA|^OTHER|^TEHRAN
79%
Z5r:^BELIZE|^BRAZZAVILLE|^LAPAZORSUCRE|^SWITZERLAND|^VADUZ|^VENEZUELA
79%
G5r:^ANTIGUAANDBARBUDA|^BRIDGETOWN|^GEORGETOWN|^GEORGIA|^GEORGIA|^MADAGASCAR|^MANAGUA|^MONTGOMERY|^PARAGUAY|^PYONGYANG|^SENEGAL
79%
M6r:^ALABAMA|^BARIUM|^CERIUM|^CESIUM|^CURIUM|^ERBIUM|^GUATEMALA|^GUATEMALACITY|^HELIUM|^INDIUM|^LIVERMORIUM|^NEODYMIUM|^NEWHAMPSHIRE|^OSMIUM|^RADIUM|^SACRAMENTO|^SAOTOME|^SAOTOMEANDPRINCIPE|^SODIUM
79%
K4r:^BACK|^BERKELIUM|^BURKINAFASO|^DHAKA|^JACKSON|^LOOK|^NICKEL|^REYKJAVIK|^TURKEY|^TURKMENISTAN|^WORK
77%
Y5r:^ITALY|^KYRGYZSTAN|^MALAYSIA|^NAYPYIDAW|^NEODYMIUM
77%
B5r:^AZERBAIJAN|^KIRIBATI|^MALABO|^MOLYBDENUM|^NAMIBIA|^REPUBLICOFTHECONGO
77%
K2r:^OKLAHOMA|^OKLAHOMACITY|^SKOPJE|^UKRAINE
76%
P4r:^COPPER|^DYSPROSIUM|^EGYPT|^KAMPALA|^KRYPTON|^NAYPYIDAW|^PEOPLE|^SKOPJE|^TAIPEI|^TRIPOLI
76%
J3r:^BUJUMBURA|^FIJI|^MAJURO|^NDJAMENA|^TAJIKISTAN
76%
Y6r:^ALBANY|^NIAMEY|^NORWAY|^PENNSYLVANIA|^PYONGYANG|^SRIJAYAWARDENAPURAKOTTE|^TURKEY
76%
X1r:^XENON
75%
C6r:^AMERICIUM|^CONNECTICUT|^DAMASCUS|^JAMAICA|^KENTUCKY|^MASSACHUSETTS|^MOROCCO|^NORTHCAROLINA|^NOUAKCHOTT|^PROTACTINIUM|^SOUTHCAROLINA
75%
V4r:^DENVER|^KIEV|^LATVIA|^PROVIDENCE|^SILVER|^SLOVAKIA|^SLOVENIA
75%
B2r:^ABOUT|^ABUDHABI|^ABUJA|^MBABANE|^TBILISI
74%
D2r:^ADDISABABA|^IDAHO|^NDJAMENA
73%
G2r:^EGYPT|^NGERULMUD|^UGANDA
72%
J4r:^ABUJA|^BANJUL|^BEIJING|^NEWJERSEY|^SANJOSE|^SRIJAYAWARDENAPURAKOTTE
72%
Z3r:^KAZAKHSTAN|^MOZAMBIQUE
71%
G6r:^HYDROGEN|^LILONGWE|^MICHIGAN|^NITROGEN|^PORTUGAL|^RALEIGH|^ROENTGENIUM|^SAINTGEORGES|^SPRINGFIELD
69%
J2r:^DJIBOUTI|^DJIBOUTI|^LJUBLJANA
69%
V5r:^BOLIVIA|^CAPEVERDE|^KOSOVO|^NASHVILLE|^PORTVILA|^WESTVIRGINIA|^YEREVAN
67%
P6r:^BELMOPAN|^ETHIOPIA|^PHILIPPINES|^PHNOMPENH|^SAINTPAUL|^SINGAPORE|^SINGAPORE
66%
W5r:^BOTSWANA|^DELAWARE|^MALAWI|^OTTAWA
64%
F5r:^CALIFORNIA|^CALIFORNIUM|^FUNAFUTI|^HARTFORD
61%
X2r:^OXYGEN
59%
W6r:^MOSCOW|^WARSAW
57%
Q4r:^IRAQ
56%
Q2r:^EQUATORIALGUINEA
56%
V6r:^ELSALVADOR|^FLEROVIUM|^LIBREVILLE|^MALDIVES|^MOLDOVA|^MONROVIA|^MONTEVIDEO|^SAINTVINCENTANDTHEGRENADINES
53%
F3r:^HAFNIUM|^JEFFERSONCITY|^SOFIA
53%
Z6r:^KYRGYZSTAN
52%
J5r:^REYKJAVIK|^SARAJEVO|^SKOPJE
50%
W4r:^KNOW|^NORWAY|^TAIWAN
50%
P5r:^ANNAPOLIS|^BUDAPEST|^EUROPIUM|^MONTPELIER|^OLYMPIA|^PHOSPHORUS|^THIMPHU
49%
V2r:^EVEN|^OVER
49%
K6r:^NORTHKOREA|^SAINTKITTSANDNEVIS|^SLOVAKIA|^SOUTHKOREA
47%
J6r:^LJUBLJANA|^SAINTJOHNS
43%
F6r:^FRANKFORT|^PORTOFSPAIN|^SANTAFE
37%
F4r:^JEFFERSONCITY|^SULFUR
33%
X6r:^NEWMEXICO
32%

Score Distribution

Percentile by Number Answered

Percent of People with Each Score

Your Score History

You have not taken this quiz